000 00892nam a2200349Ia 4500
001 11909
005 20240113235333.0
007 ta
008 090319s1997 a g b000 u eng u
020 _a81-7457-155-8
040 _aCotton College,Assam
041 _aeng
082 _a370.15
_bMa 43 Ed
100 _aMathur, S.S..
245 0 _aEducational Psychology /
_cS.S.Mathur.
_hTextual Documents
250 _a14th Rev.ed. /
260 _aAgra :
_bVinod Pustak Mandir ,
_c1997.
300 _a721p. :
_bill ;
_c22cm .
653 _aEducation
653 _aEducation
653 _aEducational Psychology
653 _aPsychology-Education
653 _aG-Education
653 _aEducational Psychology
653 _aT/G-Education
942 _2ddc
_cBK
999 _c11896
_d11896